000 00633nam a2200229 i 4500
001 C2-0263104
003 PPAK
005 20180727231949.0
008 050313s2001 nyua|||| ||||| | eng d
020 _a0762103388
040 _aPPAK
_beng
_cPPAK
_erda
082 0 4 _a004
_223
090 0 0 _a004
_bONE
_dR
245 0 0 _a1001 computer hints & tips
264 1 _aNew York :
_bReader's Digest Association ,
_c2001
300 _a351 pages :
_bcolour illustrations ;
_c25 cm
336 _2rdacontent
_atext
337 _2rdamedia
_aunmediated
338 _2rdacarrier
_avolume
650 1 0 _aComputers - Popular works.
942 _ddc
_cB
999 _c73339
_d73339